Vlaggen van Afrika - Statistieken

Algemene statistieken
  • Deze quiz is 126 keer genomen
  • De gemiddelde score is 37 van 54
Antwoordstatistieken
Foto Antwoord % Correct
Zuid-Afrika
99%
Egypte
93%
Kenia
93%
Algerije
91%
Tunesië
90%
Nigeria
89%
Ivoorkust
86%
Marokko
84%
Angola
83%
Oeganda
81%
Somalië
81%
Tanzania
81%
Seychellen
80%
Ghana
77%
Kameroen
77%
Soedan
77%
Eswatini
74%
Burundi
73%
Ethiopië
73%
Liberia
73%
Niger
73%
Democratische Republiek Congo
71%
Kaapverdië
71%
Senegal
71%
Mali
70%
Mozambique
70%
Lesotho
69%
Libië
69%
Mauritanië
69%
Madagaskar
67%
Malawi
67%
Zuid-Soedan
67%
Botswana
66%
Eritrea
66%
Gabon
66%
Burkina Faso
64%
Tsjaad
64%
Comoren
63%
Centraal Afrikaanse Republiek
61%
Zambia
61%
Benin
59%
Guinee
59%
Zimbabwe
59%
Rwanda
57%
Sao Tome en Principe
57%
Mauritius
54%
Togo
54%
Republiek Congo
53%
Namibië
50%
Sierra Leone
50%
Djibouti
49%
Gambia
47%
Equatoriaal Guinea
46%
Guinee-Bissau
46%
Geen overeenkomende quizzen gevonden
Scoreverdeling
Procent van Mensen met Elke Score
Percentiel versus Aantal Correcte Antwoorden
Uw Scoregeschiedenis
U heeft deze quiz nog niet genomen